<?xml version="1.0" encoding="UTF-8"?>
<record
    xmlns:xsi="http://www.w3.org/2001/XMLSchema-instance"
    xsi:schemaLocation="http://www.loc.gov/MARC21/slim http://www.loc.gov/standards/marcxml/schema/MARC21slim.xsd"
    xmlns="http://www.loc.gov/MARC21/slim">

  <leader>00613nam a22001697a 4500</leader>
  <controlfield tag="008">140905t        cl||||| |||| 00| 0 spa d</controlfield>
  <datafield tag="020" ind1=" " ind2=" ">
    <subfield code="a">9789587108194</subfield>
  </datafield>
  <datafield tag="050" ind1="0" ind2="4">
    <subfield code="a">JZ5584 .C65</subfield>
    <subfield code="b">P76 2012</subfield>
  </datafield>
  <datafield tag="245" ind1="0" ind2="1">
    <subfield code="a">&#xBF;Prolongaci&#xF3;n sin soluci&#xF3;n? :</subfield>
    <subfield code="b">Perespectivas sobre la guerra y la paz en Colombia /</subfield>
    <subfield code="c">coord. Eduardo Bechara Gom&#xE9;z.</subfield>
  </datafield>
  <datafield tag="250" ind1=" " ind2=" ">
    <subfield code="a">1a ed.</subfield>
  </datafield>
  <datafield tag="260" ind1=" " ind2=" ">
    <subfield code="a">Colombia :</subfield>
    <subfield code="b">Universida Externado,</subfield>
    <subfield code="c">2012</subfield>
  </datafield>
  <datafield tag="300" ind1=" " ind2=" ">
    <subfield code="a">559 p. :</subfield>
    <subfield code="b">il.;</subfield>
    <subfield code="c">24 cm.</subfield>
  </datafield>
  <datafield tag="504" ind1=" " ind2=" ">
    <subfield code="a">Incluye bibliografias e &#xED;ndice</subfield>
  </datafield>
  <datafield tag="650" ind1=" " ind2="7">
    <subfield code="2">LEMB</subfield>
    <subfield code="a">Paz</subfield>
    <subfield code="x">Soluci&#xF3;n de conflictos</subfield>
    <subfield code="z">Colombia</subfield>
  </datafield>
  <datafield tag="700" ind1="1" ind2=" ">
    <subfield code="a">G&#xF3;mez, Bechara, Eduardo, </subfield>
    <subfield code="e">coord.</subfield>
  </datafield>
  <datafield tag="942" ind1=" " ind2=" ">
    <subfield code="2">ddc</subfield>
    <subfield code="c">LIB</subfield>
  </datafield>
  <datafield tag="999" ind1=" " ind2=" ">
    <subfield code="c">77892</subfield>
    <subfield code="d">77892</subfield>
  </datafield>
  <datafield tag="952" ind1=" " ind2=" ">
    <subfield code="1">0</subfield>
    <subfield code="2">lcc</subfield>
    <subfield code="4">0</subfield>
    <subfield code="7">0</subfield>
    <subfield code="a">POS-042</subfield>
    <subfield code="b">POS-042</subfield>
    <subfield code="c">GENERAL</subfield>
    <subfield code="d">2014-09-05</subfield>
    <subfield code="e">REC. PIFI 2012</subfield>
    <subfield code="k">Ciencias sociales y administrativas</subfield>
    <subfield code="o">JZ5584 .C65 P76 2012</subfield>
    <subfield code="p">BPD000000327</subfield>
    <subfield code="r">2015-01-16 00:00:00</subfield>
    <subfield code="t">C:1</subfield>
    <subfield code="y">LIB</subfield>
  </datafield>
  <datafield tag="952" ind1=" " ind2=" ">
    <subfield code="1">0</subfield>
    <subfield code="2">lcc</subfield>
    <subfield code="4">0</subfield>
    <subfield code="7">0</subfield>
    <subfield code="a">POS-042</subfield>
    <subfield code="b">POS-042</subfield>
    <subfield code="c">GENERAL</subfield>
    <subfield code="d">2014-09-05</subfield>
    <subfield code="e">REC. PIFI 2012</subfield>
    <subfield code="k">Ciencias sociales y administrativas</subfield>
    <subfield code="o">JZ5584 .C65 P76 2012</subfield>
    <subfield code="p">BPD000000328</subfield>
    <subfield code="r">2015-01-16 00:00:00</subfield>
    <subfield code="t">C:2</subfield>
    <subfield code="y">LIB</subfield>
  </datafield>
</record>
